| 000 -LEADER |
| fixed length control field |
00762cam a2200229 a 4500 |
| 020 ## - INTERNATIONAL STANDARD BOOK NUMBER |
| ISBN |
0170062643 |
| 040 ## - CATALOGING SOURCE |
| Transcribing agency |
DLC |
| 082 00 - DEWEY DECIMAL CLASSIFICATION NUMBER |
| Classification number |
582 NEL 1984 A080 Or. |
| 245 00 - TITLE STATEMENT |
| Title |
Forest trees of Australia / |
| 250 ## - EDITION STATEMENT |
| Edition statement |
4th ed. rev. and enl. |
| 260 ## - PUBLICATION, DISTRIBUTION, ETC. (IMPRINT) |
| Place of publication |
Melbourne, Australia : |
| Name of publisher |
Nelson ; |
| Place of publication |
East Melbourne, Australia : |
| Name of publisher |
CSIRO, |
| Year of publication |
1984. |
| 300 ## - PHYSICAL DESCRIPTION |
| Number of Pages |
xvi, 687 p., [12] leaves of plates : |
| Other physical details |
ill. (some col.) ; |
| Dimensions |
27 cm. |
| 500 ## - GENERAL NOTE |
| General note |
Rev. ed. of: Forest trees of Australia / N. Hall. 3rd ed. 1970. |
| 500 ## - GENERAL NOTE |
| General note |
Includes index. |
| 650 #0 - SUBJECT ADDED ENTRY--TOPICAL TERM |
| Topical Term |
Trees |
| 650 #0 - SUBJECT ADDED ENTRY--TOPICAL TERM |
| Topical Term |
Forest plants |
| 700 1# - ADDED ENTRY--PERSONAL NAME |
| Personal name |
Boland, D. J. |
| 700 1# - ADDED ENTRY--PERSONAL NAME |
| Personal name |
Brooker, M. I. H. |
| 700 1# - ADDED ENTRY--PERSONAL NAME |
| Personal name |
Hall, Norman, |
| 710 2# - ADDED ENTRY--CORPORATE NAME |
| Corporate name or jurisdiction name as entry element |
Commonwealth Scientific and Industrial Research Organization (Australia) |
| 942 ## - ADDED ENTRY ELEMENTS (KOHA) |
| Koha item type |
សៀវភៅភាសាអង់គ្លេស |
| 952 ## - LOCATION AND ITEM INFORMATION (KOHA) |
| Withdrawn status [LOCAL, KOHA] |
0 |